[Event "Invitation"]
[Site "http://www.queenalice.com/game.php?id=868776"]
[Date "2010.12.7"]
[Round "-"]
[White "TAURONOVATO"]
[Black "limonajar"]
[Result "0-1"]
[WhiteElo "1100"]
[BlackElo "1662"]

1. g3 e5 2. Bg2 d5 3. b3 Bc5 4. Bb2 Nc6 5. Nf3 Nf6 6. Nxe5 Nxe5 7. Bxe5 d4 8. a4
O-O 9. a5 Bg4 10. a6 b6 11. Bxa8 Qxa8 12. f3 Re8 13. Bxc7 Be6 14. O-O d3+ 15. e3
dxc2 16. Qxc2 Nd5 17. Be5 Bxe3+ 18. dxe3 Nxe3 19. Qe2 Nxf1 20. Kxf1 Qc8 21. Nd2
Qc2 22. f4 Rd8 23. Ne4 Qxb3 24. Ng5 Bc4 25. Re1 Bxe2+ 26. Rxe2 Qc4 27. Nf3 Rd1+
28. Ne1 Rd2 29. Kg2 Qxe2+ 30. Kh3 Qxh2+ 31. Kg4 g6 32. Nf3 Qh5# 0-1

[Event "Esta la tienes que ganar hee"]
[Site "http://www.queenalice.com/game.php?id=872580"]
[Date "2010.12.16"]
[Round "-"]
[White "TAURONOVATO"]
[Black "limonajar"]
[Result "1-0"]
[WhiteElo "1100"]
[BlackElo "1664"]

1. b3 Nc6 2. g3 b6 3. Bg2 Bb7 4. Nc3 d5 5. Nf3 Qb8 6. Nxd5 Qd8 7. Ng5 e6 8. Nf4
Qxg5 9. d3 Qe5 10. Bb2 Qxb2 11. d4 Bb4+ 12. Kf1 O-O-O 13. Nd3 Qxd4 14. c3 Bxc3
15. Rc1 Bb4 16. Rc4 Qd5 17. Bxd5 Be7 18. Bxc6 Ba6 19. Ra4 Nf6 20. Rxa6 Kb8 21.
f3 Rd6 22. Qc2 Nd5 23. Ne5 Nb4 24. Qc4 Nxc6 25. Nxc6+ Kc8 26. Nxe7+ Kb7 27. Ra4
a5 28. Qe4+ Ka7 29. Nc6+ Kb7 30. Nd8+ Ka7 31. Qb7# 1-0

[Event "Challenge"]
[Site "http://www.queenalice.com/game.php?id=875599"]
[Date "2010.12.23"]
[Round "-"]
[White "TAURONOVATO"]
[Black "plot24"]
[Result "1-0"]
[WhiteElo "1100"]
[BlackElo "1608"]

1. g3 e5 2. Bg2 d5 3. Nf3 Bd6 4. b3 Nf6 5. Bb2 Nc6 6. d3 O-O 7. a4 Bg4 8. h3 Bh5
9. d4 e4 10. Nfd2 Re8 11. c3 e3 12. fxe3 Bxg3+ 13. Kf1 Rxe3 14. Bf3 Bg6 15. Rg1
Qd6 16. Ba3 Qf4 17. b4 Ne4 18. Nxe4 dxe4 19. Bc1 exf3 20. Bxe3 fxe2+ 21. Kxe2
Re8 22. Qd2 Qf2+ 23. Kd1 Qf3+ 24. Qe2 Qxe3 25. Rg2 Qxe2+ 26. Rxe2 Bh5 27. Ra2
Bxe2+ 28. Rxe2 Bd6 29. Rxe8+ Bf8 30. Nd2 g6 31. Ne4 Kg7 32. Rc8 Ne7 33. Rxc7 h5
34. Ng5 h4 35. Rxb7 f6 36. Ne6+ Kf7 37. Nxf8 Kxf8 38. Rxa7 Nd5 39. b5 Nxc3+ 40.
Kc2 Nd5 41. a5 g5 42. b6 1-0

[Event "Challenge"]
[Site "http://www.queenalice.com/game.php?id=879238"]
[Date "2010.12.30"]
[Round "-"]
[White "Gabrisco"]
[Black "TAURONOVATO"]
[Result "1-0"]
[WhiteElo "1526"]
[BlackElo "1100"]

1. d4 b6 2. e4 Bb7 3. Nc3 g6 4. Nf3 Bg7 5. Bc4 Nh6 6. h3 d6 7. Be3 Nc6 8. O-O f5
9. Ng5 Bf6 10. Ne6 Qd7 11. Nd5 Nd8 12. Ndxc7+ 1-0

[Event "Challenge"]
[Site "http://www.queenalice.com/game.php?id=885682"]
[Date "2011.1.13"]
[Round "-"]
[White "TAURONOVATO"]
[Black "Phantom"]
[Result "1-0"]
[WhiteElo "1100"]
[BlackElo "1384"]

1. g3 e5 2. Bg2 Bc5 3. a4 Qf6 4. Nh3 d6 5. O-O Qh6 6. d4 Qf6 7. dxc5 dxc5 8. a5
a6 9. Ra4 Ne7 10. Rc4 Nd7 11. Bg5 Qe6 12. Rc3 h6 13. Bh4 g5 14. Rb3 gxh4 15.
gxh4 Rg8 16. Rg3 Ng6 17. Nc3 f5 18. Nd5 Qd6 19. h5 f4 20. Rg4 c6 21. Nf6+ Nxf6
22. Qxd6 Nxg4 23. hxg6 Rg7 24. Rd1 Rd7 25. Qe6+ Kd8 26. Rxd7+ Bxd7 27. Qg8+ Be8
28. g7 Kd7 29. Qf8 Nf6 30. Qxf6 Bh5 31. Qxe5 Bf7 32. Qf5+ Be6 33. Qxf4 h5 34.
Ng5 Bg8 35. b4 cxb4 36. Qxb4 b5 37. Qc5 Rc8 38. Qa7+ Rc7 39. Qxa6 Kd6 40. Qb6 h4
41. a6 Rc8 42. a7 Ke7 43. Qb7+ Kd8 44. a8=Q Rxa8 45. Qxa8+ Ke7 46. Qxg8 1-0

[Event "Challenge"]
[Site "http://www.queenalice.com/game.php?id=889895"]
[Date "2011.1.23"]
[Round "-"]
[White "Phantom"]
[Black "TAURONOVATO"]
[Result "0-1"]
[WhiteElo "1427"]
[BlackElo "1276"]

1. e4 d5 2. e5 g6 3. Nf3 d4 4. d3 a5 5. Bg5 a4 6. a3 Bg7 7. c4 f6 8. exf6 exf6
9. Bh4 Qe7+ 10. Be2 Nh6 11. Nxd4 Nf5 12. Nxf5 gxf5 13. O-O Qd6 14. Nc3 Qf4 15.
Bg3 Qd4 16. Re1 f4 17. Nb5 Qd7 18. Bxf4 Nc6 19. Bg4+ Kf7 20. Bxd7 Bxd7 21. Bxc7
Rhf8 22. Nd6+ Kg8 23. Qg4 Bxg4 24. f4 Ra6 25. f5 Nd4 26. h3 Nc2 27. hxg4 Nxa1
28. Rxa1 Rc6 0-1

[Event "Challenge"]
[Site "http://www.queenalice.com/game.php?id=890770"]
[Date "2011.1.25"]
[Round "-"]
[White "Phantom"]
[Black "TAURONOVATO"]
[Result "0-1"]
[WhiteElo "1427"]
[BlackElo "1198"]

1. e4 g6 2. Bc4 a5 3. Qf3 Nh6 4. d3 e6 5. h4 Bg7 6. Bxh6 Bxh6 7. e5 Nc6 8. Nh3
Nd4 9. Qd1 d5 10. Bb3 a4 11. Bxd5 Qxd5 12. f4 Qxg2 13. Rg1 Qxh3 14. Rf1 Qe3+ 0-1

[Event "Challenge"]
[Site "http://www.queenalice.com/game.php?id=890771"]
[Date "2011.1.25"]
[Round "-"]
[White "TAURONOVATO"]
[Black "Phantom"]
[Result "0-1"]
[WhiteElo "1338"]
[BlackElo "1427"]

1. d4 e6 2. d5 e5 3. g3 d6 4. b3 Nf6 5. Bg2 Bf5 6. c3 Bg4 7. Nf3 Na6 8. O-O e4
9. Nd4 h5 10. a4 h4 11. gxh4 Rxh4 12. f3 Bh3 13. Bxh3 Rxh3 14. Qe1 exf3 15.
exf3+ Kd7 16. Nd2 Nh5 17. Qe4 Qg5+ 18. Kh1 Ng3+ 19. Kg2 Nxe4+ 20. Kxh3 Be7 21.
Nxe4 Rh8# 0-1

[Event "Challenge"]
[Site "http://www.queenalice.com/game.php?id=893040"]
[Date "2011.1.29"]
[Round "-"]
[White "TAURONOVATO"]
[Black "Phantom"]
[Result "1-0"]
[WhiteElo "1307"]
[BlackElo "1529"]

1. d4 e6 2. g3 d5 3. Bg2 Bb4+ 4. c3 Ba5 5. Qa4+ Nc6 6. b4 Bb6 7. b5 Nb8 8. Nf3
f6 9. c4 dxc4 10. Qxc4 Ba5+ 11. Bd2 Bxd2+ 12. Nfxd2 a6 13. bxa6 Nxa6 14. Na3 c6
15. Bxc6+ Kf8 16. Ne4 Nc7 17. Qc5+ Kf7 18. Nd6+ Kg6 19. Be4+ f5 20. Bd3 Nd5 21.
Nac4 Nh6 22. Ne5+ Kf6 23. e4 fxe4 24. Nxe4+ Kf5 25. Nd6+ Kg5 26. Ndf7+ Nxf7 27.
Nxf7+ Kf6 28. Nxd8 Rxd8 29. O-O h5 30. Rae1 Re8 31. Be4 Rd8 32. Bxd5 Rxd5 33.
Qf8+ Kg6 34. Rxe6+ Bxe6 35. Qxa8 Rxd4 36. Qxb7 h4 37. Qb6 Re4 38. gxh4 Kh5 39.
Qa6 Rg4+ 40. Kh1 Bd5+ 41. f3 Kxh4 42. a4 Kh3 43. a5 Rg2 44. Qd6 Rxh2+ 45. Qxh2#
1-0

[Event "Let's Play Chess!"]
[Site "http://www.queenalice.com/game.php?id=907288"]
[Date "2011.3.2"]
[Round "-"]
[White "TAURONOVATO"]
[Black "arkadiusz42"]
[Result "0-1"]
[WhiteElo "1326"]
[BlackElo "1579"]

1. g3 c6 2. Bg2 e5 3. d4 Qc7 4. dxe5 Qxe5 5. Nf3 Qc7 6. b3 Bc5 7. a4 Qb6 8. a5
Bxf2+ 9. Kf1 Qc5 10. e3 Bxe3 11. Ba3 Qxa5 12. Bb2 Qb5+ 13. c4 Qc5 14. Bxg7 Bd4
15. Nxd4 d6 16. Bxh8 f6 17. Bf3 Bh3+ 18. Bg2 Bxg2+ 19. Kxg2 Nd7 20. Re1+ Ne5 21.
Ne6 Qb6 22. Qxd6 Kf7 23. Ng5+ fxg5 24. Qxe5 c5 25. Rf1+ Kg6 26. Qf5+ Kh6 27. Qe4
Qc6 28. Qxc6+ bxc6 29. Nc3 Ne7 30. Rf6+ Ng6 31. Rxc6 Rxh8 32. Rxa7 Kh5 33. Ne4
Ne5 34. Nf6+ Kg6 35. Re6 Kf5 36. Rae7 Ng6 37. Rf7 Rf8 38. g4+ Kxe6 39. Rxh7 Rxf6
40. Rc7 Nf4+ 41. Kg3 Ne2+ 42. Kh3 Rf3+ 43. Kg2 Rxb3 44. Rc6+ Ke5 45. Rxc5+ Kf4
46. Kf2 Rb2 0-1

[Event "AUTO-BEG-469"]
[Site "http://www.queenalice.com/game.php?id=907953"]
[Date "2011.3.3"]
[Round "1"]
[White "dlabedz"]
[Black "TAURONOVATO"]
[Result "1-0"]
[WhiteElo "1313"]
[BlackElo "1359"]

1. d4 g6 2. d5 Bg7 3. c4 Nf6 4. f3 b6 5. e4 a5 6. Nc3 a4 7. h4 Na6 8. Bd2 a3 9.
bxa3 Nc5 10. Nh3 Rxa3 11. Nb5 Ra4 12. a3 Nh5 13. Rh2 Bxa1 14. Qxa1 Nb3 15. Qd1
Ra8 16. Qxb3 c6 17. dxc6 dxc6 18. Nc3 Be6 19. Nf4 Nxf4 20. Bxf4 b5 21. g4 bxc4
22. Qb4 Rb8 23. Bxb8 O-O 24. Ba7 Qc7 25. Rb2 Qxa7 26. Qa4 Qe3+ 27. Ne2 Rd8 28.
Qxc6 c3 29. Rc2 Qxf3 30. Rxc3 Qxg4 31. Rh3 Rc8 32. Qb7 Qh5 33. Rh2 g5 34. Bg2
Rc2 35. Ng3 Rc1+ 36. Kf2 gxh4 37. Nxh5 Bg4 38. Rxh4 Rc2+ 39. Kg3 Be6 40. Qxe7
Rc3+ 41. Kf4 Rc2 42. Nf6+ Kg7 43. Rxh7+ Kg6 44. Bf3 Rd2 45. Bh5# 1-0

[Event "AUTO-BEG-469"]
[Site "http://www.queenalice.com/game.php?id=907954"]
[Date "2011.3.3"]
[Round "1"]
[White "TAURONOVATO"]
[Black "dlabedz"]
[Result "1-0"]
[WhiteElo "1297"]
[BlackElo "1257"]

1. g3 c6 2. b3 f6 3. Bg2 d5 4. Nf3 Na6 5. Bb2 Nh6 6. Nd4 Nf5 7. a4 Nxd4 8. Bxd4
c5 9. Bb2 Be6 10. a5 b6 11. axb6 axb6 12. Nc3 Rc8 13. Rxa6 g5 14. Nb5 Bd7 15.
Na7 Ra8 16. Bxd5 Rb8 17. Bc6 Bxc6 18. Nxc6 Qc7 19. Nxb8 Qxb8 20. e3 Qb7 21. Qe2
Bg7 22. e4 e5 23. O-O h5 24. Qb5+ Kf7 25. Rxb6 Qe7 26. Rb7 Bf8 27. Rxe7+ Bxe7
28. Qc4+ Kg7 29. Qe6 Bf8 30. f4 gxf4 31. gxf4 exf4 32. Qxf6+ 1-0

[Event "AUTO-BEG-469"]
[Site "http://www.queenalice.com/game.php?id=907971"]
[Date "2011.3.3"]
[Round "1"]
[White "rigler8"]
[Black "TAURONOVATO"]
[Result "0-1"]
[WhiteElo "1251"]
[BlackElo "1340"]

1. e4 b6 2. g3 Bb7 3. Nf3 Bxe4 4. d3 Bb7 5. Bg2 g6 6. Nc3 Bg7 7. d4 d6 8. Bf4 a5
9. a4 Nc6 10. d5 Nb4 11. O-O e5 12. Bg5 f6 13. Be3 Ne7 14. h4 Nexd5 15. Nxd5
Nxd5 16. Bh3 e4 17. Nd4 O-O 18. Ne6 Qe8 19. h5 gxh5 20. g4 Qxe6 21. f3 Nxe3 22.
Qd4 Nxc2 23. Qc3 Nxa1 24. Rxa1 exf3 25. Qxc7 Bd5 26. Qxb6 hxg4 27. Bf1 Rab8 28.
Qxa5 Qe3+ 29. Kh2 Qf4+ 30. Kg1 f2# 0-1

[Event "AUTO-BEG-469"]
[Site "http://www.queenalice.com/game.php?id=907972"]
[Date "2011.3.3"]
[Round "1"]
[White "TAURONOVATO"]
[Black "rigler8"]
[Result "1-0"]
[WhiteElo "1321"]
[BlackElo "1232"]

1. g3 d5 2. Bg2 e5 3. d4 Nc6 4. dxe5 Nxe5 5. b3 Bb4+ 6. c3 Bd6 7. Bxd5 Nf6 8. a4
c6 9. Bg2 h5 10. a5 b6 11. axb6 Qxb6 12. Nh3 Neg4 13. Qxd6 Qxf2+ 14. Nxf2 Nxf2
15. Kxf2 Bf5 16. Qxc6+ Ke7 17. Qc5+ Ke6 18. Ra6+ Kd7 19. Bxa8 Rxa8 20. Qc6+ Kd8
21. Rd1+ Ke7 22. Qxa8 Ne4+ 23. Kg1 Nf6 24. Ba3# 1-0

[Event "Challenge"]
[Site "http://www.queenalice.com/game.php?id=919742"]
[Date "2011.3.30"]
[Round "-"]
[White "Ticovi"]
[Black "TAURONOVATO"]
[Result "1-0"]
[WhiteElo "1754"]
[BlackElo "1334"]

1. e4 g6 2. Bc4 Bg7 3. Qf3 Nh6 4. d3 O-O 5. c3 b6 6. Bf4 Bb7 7. Qe3 d5 8. Bb3 d4
9. Qd2 dxc3 10. bxc3 e5 11. Bxh6 Qh4 12. Bxg7 Kxg7 13. Nf3 Qh5 14. h3 c5 15. g4
Qh6 16. Qxh6+ Kxh6 17. Nxe5 Rd8 18. Nxf7+ Kg7 19. Nxd8 Bc8 20. Bd5 Nc6 21. Bxc6
Rb8 22. f4 Ba6 23. Ne6+ Kh8 24. f5 gxf5 25. gxf5 Bxd3 26. Nd2 Rc8 27. Bd7 Rg8
28. O-O-O Rg2 29. Rhg1 Re2 30. f6 Bxe4 31. f7 Bd5 32. Rg8# 1-0

[Event "Challenge"]
[Site "http://www.queenalice.com/game.php?id=919916"]
[Date "2011.3.31"]
[Round "-"]
[White "acandidojr"]
[Black "TAURONOVATO"]
[Result "1-0"]
[WhiteElo "1577"]
[BlackElo "1334"]

1. e4 g6 2. e5 Bg7 3. d4 a5 4. Nf3 a4 5. a3 d6 6. Nc3 b6 7. b4 c5 8. dxc5 bxc5
9. bxc5 Qa5 10. Bd2 dxe5 11. Nd5 Qxc5 12. Bb5+ Bd7 13. Bxd7+ Nxd7 14. Bb4 Qc6
15. O-O e4 16. Ng5 Bxa1 17. Qxa1 f6 18. Ne3 e5 19. Nh3 Nh6 20. c4 f5 21. Rd1 Ng4
22. Nxg4 fxg4 23. Ng5 Qxc4 24. Bc3 Rf8 25. Rc1 Qc5 26. Bb4 Qxf2+ 27. Kh1 Qh4 28.
Bxf8 g3 29. Nh3 Nxf8 30. Qxe5+ Kf7 31. Rc7+ Kg8 32. Qg7# 1-0